000 00607nam a2200229Ia 4500
003 OSt
005 20221007072342.0
006 a|||||r|||| 00| 0
007 ta
008 221006b |||||||| |||| 00| 0 eng d
024 _a26,092
037 _cTextual
040 _aFLL
_cFLL
_beng
041 _2eng
_aeng
082 _aV3:26-8t N67, K9
100 _aGarner J.F.
_9345401
245 0 _aCitizen and his council
260 _aLondon
_bStevens & Sons Ltd. England
_c1969
300 _a35p
_ccm.
942 _hV3:26-8t N67, K9
_cTEXL
_2CC
999 _c1145830
_d1145830